<?xml version="1.0" encoding="UTF-8"?><?xml-stylesheet type="text/xsl" href="static/style.xsl"?><OAI-PMH xmlns="http://www.openarchives.org/OAI/2.0/" xmlns:xsi="http://www.w3.org/2001/XMLSchema-instance" xsi:schemaLocation="http://www.openarchives.org/OAI/2.0/ http://www.openarchives.org/OAI/2.0/OAI-PMH.xsd"><responseDate>2026-06-02T15:13:18Z</responseDate><request verb="GetRecord" identifier="oai:riuma.uma.es:10630/45643" metadataPrefix="marc">https://riuma.uma.es/rest/oai/request</request><GetRecord><record><header><identifier>oai:riuma.uma.es:10630/45643</identifier><datestamp>2026-02-24T00:45:28Z</datestamp><setSpec>com_10630_2254</setSpec><setSpec>col_10630_37953</setSpec></header><metadata><record xmlns="http://www.loc.gov/MARC21/slim" xmlns:dcterms="http://purl.org/dc/terms/" xmlns:doc="http://www.lyncode.com/xoai" xmlns:xsi="http://www.w3.org/2001/XMLSchema-instance" xsi:schemaLocation="http://www.loc.gov/MARC21/slim http://www.loc.gov/standards/marcxml/schema/MARC21slim.xsd">
   <leader>00925njm 22002777a 4500</leader>
   <datafield ind2=" " ind1=" " tag="042">
      <subfield code="a">dc</subfield>
   </datafield>
   <datafield ind2=" " ind1=" " tag="720">
      <subfield code="a">Castillo-de-Mesa, Joaquín</subfield>
      <subfield code="e">author</subfield>
   </datafield>
   <datafield ind2=" " ind1=" " tag="720">
      <subfield code="a">López Peláez, Antonio</subfield>
      <subfield code="e">author</subfield>
   </datafield>
   <datafield ind2=" " ind1=" " tag="720">
      <subfield code="a">Méndez Domínguez, Paula</subfield>
      <subfield code="e">author</subfield>
   </datafield>
   <datafield ind2=" " ind1=" " tag="720">
      <subfield code="a">Kirwan, Gloria</subfield>
      <subfield code="e">author</subfield>
   </datafield>
   <datafield ind2=" " ind1=" " tag="260">
      <subfield code="c">2022</subfield>
   </datafield>
   <datafield ind2=" " ind1=" " tag="520">
      <subfield code="a">En un contexto de transformación digital acelerado las redes sociales online modifican las estrategias organizacionales de comunicación. En este artículo analizamos mediante netnografía y análisis de redes sociales los procesos de conectividad, de interacción y de liderazgo de los Colegios de Trabajo Social en España en las redes sociales online, concretamente en Facebook y Twitter. A través de determinados algoritmos hemos detectado comunidades que conforman estructuras de comunicación que condicionan las dinámicas de cooperación y cohesión. Los resultados muestran una estructura de comunicación fuertemente jerarquizada, con comunidades que tienden al cierre. Basado en los resultados obtenidos, presentamos una serie de estrategias para mejorar la cooperación entre los Colegios de Trabajo Social en España en las redes sociales online.</subfield>
   </datafield>
   <datafield ind1="8" ind2=" " tag="024">
      <subfield code="a">Castillo de Mesa, J. C., Peláez, A. L., Méndez-Domínguez, P., &amp; Kirwan, G. (2022). Comunicación digital de los Colegios de Trabajo Social en España en las redes sociales online. REIS: Revista Española de Investigaciones Sociológicas, (178), 39-60.</subfield>
   </datafield>
   <datafield ind1="8" ind2=" " tag="024">
      <subfield code="a">https://hdl.handle.net/10630/45643</subfield>
   </datafield>
   <datafield ind1="8" ind2=" " tag="024">
      <subfield code="a">10.5477/cis/reis.178.39</subfield>
   </datafield>
   <datafield tag="653" ind2=" " ind1=" ">
      <subfield code="a">Trabajo social - En los medios de comunicación social</subfield>
   </datafield>
   <datafield tag="653" ind2=" " ind1=" ">
      <subfield code="a">Comunicación en las organizaciones</subfield>
   </datafield>
   <datafield ind2="0" ind1="0" tag="245">
      <subfield code="a">Comunicación digital de los Colegios de Trabajo Social en España en las redes sociales online: ¿coalición, jerarquización o aislamiento?</subfield>
   </datafield>
</record>
</metadata></record></GetRecord></OAI-PMH>